| Registos Bibliográficos associados ao registo de autoridade |
|
Etiqueta de registo: 00000nam 2200025 450 001 2284443 003 http://id.bnportugal.gov.pt/bib/catbnp/2284443 100 ## $a20260415d2026 k y0pory01030103ba 101 0# $aeng$dpor 102 ## $aPT 105 ## $aa m 000yy 106 ## $ar 200 1# $aInsights into the translocation mechanisms and the cytosolic delivery of molecules
by AIP56 family toxins$fBruno Pinheiro$gorient. Nuno dos Santos, Ana do Vale, Jorge Azevedo 210 #9 $aPorto$c[s.n.],$d2026 215 ## $a214 p.$cil.$d30 cm 328 #1 $aTese dout. Biologia Molecular e Celular, Instituto de Ciências Biomédicas de Abel
Salazar, Universidade do Porto, 2026 700 #1 $aPinheiro,$bBruno$31995763 702 #1 $92$aSantos,$bNuno dos$4727$31995765 702 #1 $aVale,$bAna do$4727$31960178 702 #1 $93$aAzevedo,$bJorge$4727$31265544 801 #0 $aPT$bBN$gRPC 966 ## $lBN$mFGMON$x1 971 ## $corlando$d20260415
Etiqueta de registo: 00000nam 2200025 450 001 2284653 003 http://id.bnportugal.gov.pt/bib/catbnp/2284653 100 ## $a20260417d2025 k y0pory01030103ba 101 0# $aeng$dpor 102 ## $aPT 105 ## $aa m 000yy 106 ## $ar 200 1# $aCharacterization of a novel family of AB toxins with potential to be used as antigen
delivery vehicles$fInês Lua Freitas$gorient. Nuno dos Santos, Ana do Vale, Johnny Lisboa 210 #9 $aPorto$c[s.n.],$d2025 215 ## $a197 p.$cil.$d30 cm 328 #1 $aTese dout. Biologia Molecular e Celular, Instituto de Ciências Biomédicas de Abel
Salazar, Universidade do Porto, 2025 700 #1 $aFreitas,$bInês Lua$31996134 702 #1 $92$aSantos,$bNuno dos$4727$31995765 702 #1 $aLisboa,$bJohnny$4727$31669311 702 #1 $aVale,$bAna do$4727$31960178 801 #0 $aPT$bBN$gRPC 966 ## $lBN$mFGMON$x1 971 ## $corlando$d20260417
|
|
|